000 01330ngm a22003610a 4500
001 PT15494
003 AR-LpoUNG
005 20210202000145.0
007 vd cvaizq
008 191001s1987||||ag |||||||||||||||||spa d
037 _c$11.66
040 _aAR-LpoUNG
_bspa
_cAR-LpoUNG
_eaacr
041 _aspa
044 _aag
082 0 _a982.064 18jua
100 1 _aEcheverría, Carlos
_edir.
245 1 0 _aJuan :
_bcomo si nada hubiera sucedido
260 _aBuenos Aires :
_bBlackman,
_c1987.
300 _aVHS (165 min.) : son., col.
520 _aPelícula nunca estrenada en cines. El periodista Esteban Buch sale en busca de Jua Marcos Hermán desaparecido el 16 de julio de 1977, estudiante de Derecho, de veintidós años que fue secuestrado por un comando militar en la ciudad argentina de San Carlos de Bariloche en la provincia de Río Negro, desde entonces continúa desaparecido, es el único desaparecido político de la ciudad de San Carlos de Bariloche durante la dictadura argentina.
650 4 _aANALISIS HISTORICO
650 4 _aARGENTINA
650 4 _aDERECHOS HUMANOS
650 4 _aDICTADURA
650 4 _aGOBIERNO MILITAR
650 4 _aHISTORIA
651 4 _aArgentina
653 _aCINE ARGENTINO
653 _aDOCUMENTALES
653 _aVIDEOS
905 _a15494
942 _cVIDEO
999 _c54224
_d54224